| 000 | 01334nam2a22002771 4500 | ||
|---|---|---|---|
| 001 | rc\4568137 | ||
| 005 | 20250612121243.0 | ||
| 010 |
_d30 к. _91500 |
||
| 035 | _a(NLR Aleph) 008649961 | ||
| 090 |
_a8995758 _c8995758 |
||
| 100 | _a20130416d1964 |||y0rusy50 ca | ||
| 101 | 0 | _arus | |
| 102 | _aRU | ||
| 105 | _aa j ||||| | ||
| 200 | 1 | _aСъемки | |
| 210 |
_d1964 _aБ. м. |
||
| 215 |
_a91 с. _cил. _d21 |
||
| 300 | _aНа обл. автор не указан | ||
| 461 | 0 |
_1001rc\4568135 _12001#$aКурс геодезии для строителей$eучебное пособие$fН.Н. Мазуров$gМ-во высш. и сред. спец. образования РСФСР. Уральский политехн. ин-т им. С.М. Кирова$vВып. 2 _98995750 _aМазуров, Н.Н. (геодезист) _cСвердловск _d1963-1964 _fН.Н. Мазуров _oучебное пособие _tКурс геодезии для строителей _vВып. 2 |
|
| 606 | 1 |
_aГеодезические съемки в строительном деле _jРуководства, пособия и т.п. _91070738 _3RU\NLR\AUTH\6698471 |
|
| 801 | 0 |
_aRU _bNLR _c20130416 _gpsbo |
|
| 801 | 1 |
_aRU _bELAR _c20130416 _2rusmarc |
|
| 801 | 2 |
_aRU _bNLR _c20171129 _2rusmarc |
|
| 852 |
_aNLR _j63-6/13457 |
||
| 942 | _cBOOK | ||
| 980 | _aNB | ||